الاصلاح الاقتصادى الليبرالى : (Record no. 16619)
[ view plain ]
| 000 -الفاتح | |
|---|---|
| حقل البيانات ثابتة الطول | 01085nam a22002057a 4500 |
| 005 - وقت وتاريخ اخر تعامل مع التسجيلة | |
| رقم الضبط | 20120401152326.0 |
| 008 - عناصر البيانات ثابتة الطول - معلومات عامة | |
| حقل البيانات ثابتة الطول | 120401s2011 ua||||| ||||f00| 0 ara d |
| 082 ## - رقم تصنيف ديوى العشرى | |
| رقم الطبعة | 22 |
| رقم التصنيف | 320.15 |
| رقم المادة | ن ج ا |
| 100 ## - المدخل الرئيسى - إسم شخصى | |
| 9 (RLIN) | 16104 |
| الإسم الشخصى | النجار، أحمد السيد |
| 245 ## - بيان العنوان | |
| العنوان | الاصلاح الاقتصادى الليبرالى : |
| بقية العنوان | مخرج ام مازق؟ : دراسة مقارنة لتجارب مصر و المغرب و تركيا و الهند و تشيكيا / |
| بيان المسئوليه,etc | احمد السيد النجار. |
| 260 ## - PUBLICATION, DISTRIBUTION, ETC. (IMPRINT) | |
| مكان الناشر او الموزع | القاهرة : |
| اسم الناشر او الموزع | مركز الدراسات السياسية و الاستراتيجية، |
| تاريخ النشر أو التوزيع | c 2011. |
| 300 ## - الوصف المادى | |
| التعداد | 264 ص. : |
| تفاصيل ماديه اخرى للوعاء | ايض. ؛ |
| أبعاد الوعاء | c 24 سم. |
| 504 ## - تبصرة ببليوجرافية | |
| تبصرة ببليوجرافية,الخ | يشتمل على ارجاعات ببليوجرافية. |
| 650 ## - المدخل الاضافى بالموضوع-مصطلح موضوعى | |
| 9 (RLIN) | 8114 |
| مصطلح موضوعي أو اسم جغرافي كعنصر مدخل | الليبرالية |
| 650 ## - المدخل الاضافى بالموضوع-مصطلح موضوعى | |
| 9 (RLIN) | 29527 |
| مصطلح موضوعي أو اسم جغرافي كعنصر مدخل | الاقتصاد الدولى. |
| 650 ## - المدخل الاضافى بالموضوع-مصطلح موضوعى | |
| 9 (RLIN) | 29528 |
| مصطلح موضوعي أو اسم جغرافي كعنصر مدخل | الازمات الاقتصادية |
| 653 ## - مصطلح تكشيفى غير مقيد | |
| Resource For college | |
| Arrived date list | April2012 |
| 942 ## - عناصر المدخل الإضافي( كوها) | |
| مصدر التصنيف او مخطط الترفيف | Dewey Decimal Classification |
| Koha [default] item type | Book - Borrowing |
| حالة التراجع | حالة الفقد | مصدر التصنيف او خطة الترفيف | حالة تلف | ليس للاعارة | مجموعات كوها | المكان الدائم | المكان الحالي | موقع الترفيف | تاريخ الاكتساب | Source of acquisition | سعر الشراء الطبيعي | تعداد مسلسل / التسلسل الزمني | رقم الاستدعاء | الباركود | Date last seen | نوع الوعاء |
|---|---|---|---|---|---|---|---|---|---|---|---|---|---|---|---|---|
| Dewey Decimal Classification | Alahram | Central Library | Central Library | First floor | 01/04/2012 | 20.00 | 11676 | 320.15 ن ج ا | 000026561 | 15/07/2025 | Book - Borrowing |